000 01251nam a22003017a 4500
001 000554
003 DO-SdBNP
005 20170905104733.0
007 000554
008 161017b 2010 sp a ||||| |||| 00| 0 spa d
020 _a9789962897828 (obra completa)
020 _a9789962897835 (V. 1)
020 _a9789962897842 (V. 2)
020 _a9789962897835 (V. 3)
020 _a9789962897866 (V. 4)
040 _aBPMSU
_bspa
_cBPMSU
082 _aR 036
_bE56t
245 0 0 _aEnciclopedia temática Lexus /
_cdirección editorial ; Sacramento Nieto ; dirección de la obra Puri Ballús
260 _aBarcelona, España :
_bThema Equipo Editorial : Lexus Editores,
_c2010.
300 _a4 v. :
_bil. ;
_c27 cm.
505 0 _gv.1.
_tGeografía, ciencias naturales, anatomía. --
_gv.2.
_tEducación sexual, historia universal, arte. --
_gv.3.
_tLengua y gramática, literatura universal, matemáticas. --
_g v.4.
_tFísica, química, computación y tecnología
650 4 _aENCICLOPÉDIAS Y DICCIONARIOS ESPAÑOLES
700 1 2 _aNieto, Sacramento,
_edir.
700 1 2 _aBallús, Puri,
_edir.
910 _aValidado. Control de calidad MFF
942 _2ddc
_cBK
956 _2LOPEREZ
_310
_620161017
_8BPMSU
_a00041
999 _c11574
_d11574